"Binnenstaaten" in Amerika - Statistiken

Allgemein
  • Dieses Quiz wurde 290 mal gespielt
  • Das Durchschnittsergebnis liegt bei 14 aus 17
Antwortstatistiken
Antwort % Korrekt
Kansas
92%
Nevada
91%
Utah
91%
Iowa
87%
Colorado
86%
Kentucky
86%
Oklahoma
86%
Arkansas
85%
Nebraska
84%
West Virginia
84%
Wyoming
83%
Missouri
82%
Tennessee
82%
Indiana
78%
Illinois
77%
Wisconsin
51%
Süddakota
37%
Keine übereinstimmenden Quizze gefunden
Verteilung der Resultate
Anzahl Personen mit jedem Resultat
Perzentil nach korrekt beantworteten Fragen
Ihre Resultats-Entwicklung
Sie haben dieses Quiz noch nicht gespielt